000 00688nam a2200241Ia 4500
003 OSt
005 20221007062509.0
006 a|||||r|||| 00| 0
007 ta
008 221006b |||||||| |||| 00| 0 eng d
024 _a7,141
037 _cTextual
040 _aFLL
_cFLL
_beng
041 _2eng
_aeng
082 _aX722:Z2y7zN80N57, M0
100 _aGulati R.L. Au.
_9682867
245 0 _aDigest of wealth tax cases
260 _aAllahabad
_bModern law house India
_c1980
300 _a310p
_ccm.
700 _a Pandey C.P. Au.
_9682868
942 _hX722:Z2y7zN80N57, M0
_cTEXL
_2CC
999 _c1128781
_d1128781